Países no reconocidos, Dependencias y Colonias del Mundo - Estadísticas

Estadísticas generales
  • Esta prueba ha sido intentada 477 veces
  • La puntuación promedio es 35 de 65
Estadísticas de respuestas
Continente Qué es Territorio % Correcto
América del Sur Colonia Islas Malvinas/Islas Falklands
87%
América del Norte Estado Libre Asociado Puerto Rico
80%
Asia Región Administrativa Especial Hong Kong
77%
América del Norte Colonia Islas Vírgenes Británicas
76%
América del Norte Colonia Islas Vírgenes de los Estados Unidos
76%
Asia País con Reconocimiento Limitado Taiwán
72%
América del Norte País Constituyente Aruba
71%
América del Sur Colonia Guayana Francesa
71%
Asia Región Administrativa Especial Macao
71%
Oceanía Colonia Polinesia Francesa
71%
Europa Colonia Gibraltar
70%
América del Norte País Constituyente Curazao
68%
Europa País con Reconocimiento Limitado Kosovo
66%
América del Norte Colonia Bermudas
65%
América del Norte País Constituyente Groenlandia
65%
Oceanía Colonia Guam
65%
América del Norte Departamento de Ultramar Martinica
65%
América del Norte Departamento de Ultramar Guadalupe
64%
Europa País Constituyente Islas Feroe
64%
África País con Reconocimiento Limitado República Árabe Saharaui Democrática
64%
África Colonia Sahara Occidental
64%
Asia Dependencia Isla de Navidad
62%
América del Norte Colonia Islas Caimán
62%
Oceanía Estado Libre Asociado Islas Cook
62%
Europa País con Reconocimiento Limitado Transnistria
62%
Asia País con Reconocimiento Limitado Abjasia
61%
Europa Dependencia Isla de Man
61%
América del Norte Colectividad de Ultramar Saint-Martin
61%
Oceanía Colonia Samoa Americana
60%
América del Norte País Constituyente Sint Maarten
60%
América del Norte Colonia Montserrat
59%
Asia País con Reconocimiento Limitado Osetia del Sur
59%
África Departamento de Ultramar Reunión
59%
África País con Reconocimiento Limitado Somalilandia
59%
América del Norte Colonia Islas Turcas y Caicos
58%
África Colonia Santa Elena, Ascensión y Tristán de Acuña
58%
América del Norte Colonia Anguila
57%
Oceanía Colonia Nueva Caledonia
57%
Asia País con Reconocimiento Limitado República Turca del Norte de Chipre
57%
Oceanía Colonia Islas Pitcairn
56%
Europa Dependencia Jersey
56%
Oceanía Colonia Tokelau
55%
Oceanía Estado Libre Asociado Islas Marianas del Norte
54%
África Departamento de Ultramar Mayotte
54%
Oceanía Estado Libre Asociado Niue
54%
América del Sur Territorio de Ultramar Islas Georgias del Sur y Sandwich del Sur
53%
América del Norte Municipio Especial Bonaire
52%
Europa Dependencia Guernsey
52%
Asia Dependencia Islas Cocos
50%
América del Norte Colectividad de Ultramar San Bartolomé
49%
Oceanía Dependencia Isla Norfolk
48%
América del Norte Colectividad de Ultramar San Pedro y Miquelón
46%
Europa Territorio Dependiente Svalbard
44%
Oceanía Colectividad de Ultramar Wallis y Futuna
44%
Asia País con Reconocimiento Limitado Artsaj
42%
América del Norte Municipio Especial San Eustaquio
36%
Europa Provincia Autónoma Åland
33%
América del Norte Municipio Especial Isla de Saba
29%
Asia Territorio de Ultramar Territorio Británico del Océano Índico
17%
Asia Territorio de Ultramar Acrotiri y Dhekelia
14%
África/Antártida Territorio de Ultramar Tierras Australes y Antárticas Francesas
13%
Asia Dependencia Islas Heard and McDonald
11%
Oceanía Dependencia Islas Ashmore y Cartier
7%
Oceanía Dependencia Islas del Mar de Coral
7%
Oceanía Territorio no Organizado no Incorporado Islas Ultramarinas menores
5%
No se encontraron pruebas coincidentes
Distribución de puntuación
Porcentaje de gente con cada puntuación
Porcentaje por número respondido
Historial de tus puntuaciones
No has intentado esta prueba.